kluby ze swojim najlepszym zawodnikiem - Statystyki

Ogólne statystyki
  • Ten quiz został rozwiązany 33 razy
  • Średni wynik to 4 z 30
Statystyki odpowiedzi
Klub zawodnik % Poprawnych
Barcelona LionelMessi
93%
Real Madryt CristianoRonaldo
87%
Bayern Monachium Robert Lewandowski
87%
Borussia Dortmund Marco Reus
30%
Manchester City Kevin DeBruyne
27%
Tottenham HarryKane
23%
Manchester United WayneRooney
23%
Sporting Lizbona BrunoFernandes
13%
Chelsea DidierDrogba
13%
Leicester City JamieVardy
10%
Atlhetico Madryt AntoineGriezmann
7%
PSG EdinsonCavani
3%
Villareal Gerard Moreno
3%
Sevilla JesusNavas
3%
AC Milan PauloMaldini
3%
Olympique Lion AlexandreLacazette
0%
RB Lipsk ChristopenNkunku
0%
Napoli Dries Mertens
0%
Juventus FabioCannavaro
0%
Liverpool IanRush
0%
FC Porto JacksonMartinez
0%
Olympique Marsylie Jean-PierrePapin
0%
Ajax amsterdam Johan Cruyff
0%
Wolfsburg OlafAnsorge
0%
Benfica Lizbona OscarCardozo
0%
As Monaco RadamelFalcao
0%
Inter Mediolan RonaldoNazario
0%
West Ham United SirGeoff
0%
Arsenal TherryHenry
0%
Bayer Leverkusen UlfKirsten
0%
Nie znaleziono quizów pasujących do podanych kryteriów
Rozkład punktacji
Procent ludzi z każdym wynikiem
Percentyl według liczby udzielonych odpowiedzi
Twoja historia wyników
Nie rozwiązałeś tego quizu